| 000 | 01089nam2a22002651 4500 | ||
|---|---|---|---|
| 001 | v19\rc\1552333 | ||
| 005 | 20250618184335.0 | ||
| 035 | _a(NLR Aleph) 004666915 | ||
| 090 |
_a3625787 _c3625787 |
||
| 100 | _a20060620d1892 |||y0rusy50 ca | ||
| 101 | 0 | _arus | |
| 102 | _aRU | ||
| 105 | _ay z ||||| | ||
| 200 | 0 |
_aза 1891 год _eСост. по приходо-расходной кассовой книге и утвержден Комитетом Лечебницы |
|
| 210 |
_d1892 _aБ. м. |
||
| 215 | _a20 с. | ||
| 461 | 0 |
_1001v19\rc\1552331 _12001#$aГодовой отчет Аккерманской городской лечебницы...$vза 1891 год _93625764 _aАккерманская гор. лечебница _cАккерман _d1890-1892 _tГодовой отчет Аккерманской городской лечебницы... _vза 1891 год |
|
| 801 | 0 |
_aRU _bNLR _gpsbo |
|
| 801 | 0 |
_aRU _bRuMoRGB _2psbo |
|
| 801 | 1 |
_aRU _bProSoft-M _2rusmarc |
|
| 852 |
_aNLR _jDesideratum |
||
| 899 |
_aRuMoRGB _jA 174/92 |
||
| 899 | _aБАН | ||
| 942 | _cBOOK | ||
| 980 | _aNB | ||